Amsterdamse Metrostations op een Kaart - Statistieken

Algemene statistieken
  • Deze quiz is 1.196 keer genomen
    1.194 sinds de laatste reset
  • De gemiddelde score is 33 van 76
Antwoorden op de kaart
Antwoorden kleurgecodeerd door een groen-rode schaal op de quizkaart volgens % correct hieronder.
 
Antwoordstatistieken
Antwoord % Correct
Centraal
92%
Centraal
92%
Centraal
92%
Centraal
92%
Amsterdam Zuid
78%
Noord
76%
Amsterdam Zuid
65%
Amsterdam Zuid
65%
Bijlmer Arena
65%
Bijlmer Arena
65%
Amstel
64%
Amstel
64%
Amstel
64%
RAI
55%
RAI
55%
Rokin
53%
Sloterdijk
53%
Sloterdijk
53%
De Pijp
51%
Duivendrecht
50%
Duivendrecht
50%
Gein
50%
Gein
50%
Isolatorweg
46%
Isolatorweg
46%
Waterlooplein
44%
Waterlooplein
44%
Waterlooplein
44%
Lelylaan
43%
Lelylaan
43%
Weesperplein
42%
Weesperplein
42%
Weesperplein
42%
Nieuwmarkt
41%
Nieuwmarkt
41%
Nieuwmarkt
41%
Holendrecht
40%
Holendrecht
40%
Noorderpark
40%
Vijzelgracht
40%
Europaplein
39%
Diemen Zuid
38%
Wibautstraat
38%
Wibautstraat
38%
Wibautstraat
38%
Gaasperplas
37%
Overamstel
35%
Overamstel
35%
Van der Madeweg
35%
Van Der Madeweg
35%
Van der Madeweg
35%
Amstelveenseweg
34%
Amstelveenseweg
34%
Spaklerweg
33%
Spaklerweg
33%
Spaklerweg
33%
Bullewijk
31%
Bullewijk
31%
Kraaiennest
31%
Strandvliet
30%
Strandvliet
30%
Henk Sneevlietweg
28%
Henk Sneevlietweg
28%
Jan van Galenstraat
28%
Jan van Galenstraat
28%
Postjesweg
28%
Postjesweg
28%
Ganzenhoef
26%
Reigersbos
26%
Reigersbos
26%
De Vlugtlaan
25%
De Vlugtlaan
25%
Heemstedestraat
25%
Heemstedestraat
25%
Venserpolder
24%
Verrijn Stuartweg
22%
Geen overeenkomende quizzen gevonden
Scoreverdeling
Procent van Mensen met Elke Score
Percentiel versus Aantal Correcte Antwoorden
Uw Scoregeschiedenis
U heeft deze quiz nog niet genomen sinds de laatste reset